00532 2200193 4500001002100000005001500021008004100036020001800077035001900095041000700114082001000121090001600131100001800147245007800165250000600243260003300249300003200282650002400314INLIS00000000001054420241224114023241224||||||||| | ||| |||| || |  a979-8190-17-3 0010-1224010544 aid0 a658.8 a658.8 KOT m0 aPhilip Kotler00aManajemen Pemasaran: Analisis, Perencanaan, Implemetasi, dan Pengendalian a8 aJakartabSalemba Empatc1995 a25,5x21 cm, xxii, 348 hlm.; 0aManajemen Pemasaran